[Event "Santpedor op 5th"]
[White "Creus Uro, Ernest"]
[Black "Menac Comas, Joan Ramon"]
[Site "Santpedor"]
[Round "4"]
[Result "0-1"]
[Date "2001.??.??"]
[WhiteElo "1850"]
[BlackElo "2225"]
[PlyCount "60"]
[EventDate "2001.09.14"]
[EventType "swiss"]
[EventRounds "7"]
[EventCountry "ESP"]
[SourceTitle "EXT 2003"]
[Source "ChessBase"]
[SourceDate "2002.11.25"]
[SourceVersion "1"]
[SourceVersionDate "2002.11.25"]
[SourceQuality "1"]

1. e4 c5 2. Nc3 Nc6 3. Bc4 g6 4. b3 Bg7 5. Bb2 e6 6. Rb1 Nf6 7. Bb5 Qb6 8. Bxc6 Qxc6 9. d3 0-0 10. Nf3 d5 11. Ne5 Qc7 12. Ng4 Nxg4 13. Qxg4 d4 14. Nd1 Qa5+ 15. Kf1 f5 16. Qe2 fxe4 17. Qxe4 e5 18. Qe1 Qa6 19. f3 Bf5 20. Kf2 Rae8 21. Rf1 e4 22. fxe4 Bxe4+ 23. Kg1 Bd5 24. Rxf8+ Rxf8 25. a4 Qc6 26. Qd2 Qf6 27. Nf2 Bh6 28. Qe2 Be3 29. Rf1 Qg5 30. g3 Rf3 0-1